Lieux de fiction A-Z - Quiz images - Statistiques

Statistiques générales
  • Ce quiz a été pris 531 fois
  • Le résultat moyen est 12 sur 26
Statistiques - réponses
Par images Hint Réponse % Correct
O (Mythologie grecque) Mont {Olympe}
92%
P (Harry Potter) Poudlard
92%
G (DC Comics) Gotham City
85%
Z (Disney) Zootopie
80%
S (Les Simpson) Springfield
75%
C (Mario) Royaume {Champignon}
73%
B (Bob l'Éponge) Bikini Bottom
68%
H (The Legend of Zelda) Hyrule
63%
T (Star Wars) Tatooine
62%
F (DreamWorks) Fort Fort Lointain
59%
V (GTA) Vice City
59%
E (Le Magicien d'Oz) La Cité d'{Émeraude}
54%
K (Naruto) Konoha
49%
I (Le Seigneur des Anneaux) Isengard
44%
N (Dragon Ball) Namek
41%
D (Star Wars) Dagobah
39%
Y (Légendes asgardiennes) Yggdrasil
34%
R (Pixar) Radiator Springs
27%
J (Légendes asgardiennes) Jotunheim
26%
W (One Piece) Water Seven
24%
M (The Elder Scroll) Morrowind
22%
L (Ghibli) Laputa
18%
Q (Game of Thrones) Qarth
16%
X (MCU) Xandar
12%
U (Pokémon) Unionpolis
11%
A (Final Fantasy) Altissia
1%
Aucun quiz correspondant
Distribution des résultats
% des personnes avec chaque résultat
Percentile par nombre de réponses
Votre historique - résultats
Vous n’avez pas pris ce quiz